Chargement en cours...
The Library Association Yearbook
| Auteurs principaux: | , |
|---|---|
| Format: | Printed Book |
| Publié: |
London, Library Association
1990
|
| Sujets: |
| LEADER | 004890000a22001570004500 | ||
|---|---|---|---|
| 082 | |a 020.622 41 |n 0 | ||
| 100 | |a Beecroft, K A; Comp | ||
| 100 | |a Palmer, R E; Comp | ||
| 245 | |a The Library Association Yearbook | ||
| 260 | |a London, Library Association | ||
| 260 | |c 1990 | ||
| 465 | |a P 27.50 | ||
| 650 | |a Great Britain | ||
| 942 | |c BK | ||
| 999 | |c 13256 |d 13256 | ||
| 952 | |0 0 |1 0 |4 0 |6 020_622000000000000_41 |7 0 |8 REF |9 13057 |a MGUL |b MGUL |d 2013-07-16 |e P 27.50 |l 0 |o 020.622 41 |p 07321 |r 2013-07-16 |w 2013-07-16 |y REF | ||